Largest States of Brazil - Statistics

General Stats
  • This quiz has been taken 6 times
  • The average score is 7 of 10
Answer Stats
Area (km²) State % Correct
1,559,159 Amazonas
83%
903,366 Mato Grosso
83%
1,247,955 Pará
83%
281,730 Rio Grande do Sul
83%
564,733 Bahia
67%
340,112 Goiás
67%
357,146 Mato Grosso do Sul
67%
586,522 Minas Gerais
67%
331,937 Maranhão
50%
277,721 Tocantins
50%
No matching quizzes found
Score Distribution
Percent of People with Each Score
Percentile by Number Answered
Your Score History
You have not taken this quiz